[Event "Lichtenberger Sommer 2016"]
[Site "?"]
[Date "2016.08.21"]
[Round "9.87"]
[White "Caglar, Erdal"]
[Black "Baumgaertner, Andre"]
[Result "0-1"]
[WhiteElo "1520"]
[BlackElo "1724"]
[PlyCount "76"]
[EventDate "2016.??.??"]
[WhiteTeam "SW Lichtenrade"]
[BlackTeam "SC Friesen Lichtenberg"]

1. Nf3 d5 2. g3 e6 3. Bg2 Nf6 4. d3 Be7 5. Nbd2 Nc6 6. O-O O-O 7. Re1 e5 8. e4
dxe4 9. Nxe4 Bg4 10. h3 Bh5 11. Be3 Nd5 12. Bg5 f6 13. Bd2 Qd7 14. Qc1 Bxf3 15.
Bxf3 Qxh3 16. Bg2 Qd7 17. a3 Nd4 18. Nc3 c6 19. Nxd5 cxd5 20. Qd1 Rac8 21. c3
Nc6 22. Qh5 Bd8 23. Bf3 g6 24. Qh6 Ne7 25. Kg2 Rf7 26. Rh1 Qf5 27. Rae1 Bb6 28.
Be3 Qe6 29. Qh3 f5 30. Rh2 Bxe3 31. fxe3 Qb6 32. Reh1 Qxb2+ 33. Kf1 Qc1+ 34.
Kf2 Qxc3 35. Qxh7+ Rxh7 36. Rxh7 e4 37. Rh8+ Qxh8 38. Rxh8+ Kxh8 0-1

[Event "Lichtenberger Sommer 2016"]
[Site "?"]
[Date "2016.08.21"]
[Round "9.88"]
[White "Bastian, Reinhard"]
[Black "Schmole-Rostosky, Joachim"]
[Result "1/2-1/2"]
[WhiteElo "1441"]
[BlackElo "1580"]
[PlyCount "40"]
[EventDate "2016.??.??"]
[WhiteTeam "vereinslos"]
[BlackTeam "SF SW Merzhausen"]

1. e4 e6 2. d4 d5 3. exd5 exd5 4. Nf3 Nf6 5. Bd3 Be6 6. O-O Bd6 7. Bg5 h6 8.
Bh4 g5 9. Bg3 Bxg3 10. fxg3 Nbd7 11. Nbd2 Qe7 12. c3 O-O-O 13. Qc2 Kb8 14. Rae1
Qf8 15. Bf5 Re8 16. Bxe6 fxe6 17. Ne5 Qg7 18. Ndf3 Rhg8 19. Nxd7+ Nxd7 20. Ne5
Nxe5 1/2-1/2

[Event "Lichtenberger Sommer 2016"]
[Site "?"]
[Date "2016.08.21"]
[Round "9.89"]
[White "Koerber, Bernhard"]
[Black "Toth, Hans-Jürgen"]
[Result "1-0"]
[WhiteElo "1567"]
[BlackElo "1623"]
[PlyCount "61"]
[EventDate "2016.??.??"]
[WhiteTeam "Lasker Steglitz-Wilmersdorf"]
[BlackTeam "SF Zehdenick"]

1. e4 e6 2. d4 d5 3. Nc3 Bb4 4. e5 Ne7 5. a3 Bxc3+ 6. bxc3 c5 7. Nf3 O-O 8. Bd3
c4 9. Bxh7+ Kh8 10. Ng5 g6 11. Qf3 Nf5 12. Qh3 Kg7 13. Bxg6 Rh8 14. Nxf7 Rxh3
15. Nxd8 Kxg6 16. gxh3 Kh7 17. Rg1 Nc6 18. Nxc6 bxc6 19. Rb1 a5 20. Rb6 Ra6 21.
Rb8 Nh4 22. Ke2 Nf5 23. Rxc8 Rb6 24. Rcg8 Rb7 25. R8g5 Rg7 26. Rxg7+ Nxg7 27.
Bf4 a4 28. Rb1 Kg6 29. Rb6 Kf5 30. Bg3 Nh5 31. Rxc6 1-0

[Event "Lichtenberger Sommer 2016"]
[Site "?"]
[Date "2016.08.21"]
[Round "9.90"]
[White "Klühs, Gustaf"]
[Black "Paris, Gerhard"]
[Result "1-0"]
[WhiteElo "1407"]
[BlackElo "1486"]
[PlyCount "87"]
[EventDate "2016.??.??"]
[WhiteTeam "Borussia Friedrichsfelde"]
[BlackTeam "TSG Oberschöneweide"]

1. d4 Nf6 2. Nd2 g6 3. e4 Bg7 4. c3 d6 5. f4 c5 6. Ngf3 cxd4 7. cxd4 O-O 8. Be2
Nbd7 9. h3 Ne8 10. O-O e5 11. dxe5 dxe5 12. fxe5 Nxe5 13. Nxe5 Bxe5 14. Nc4
Qxd1 15. Rxd1 Bg7 16. Rb1 Be6 17. b3 Nc7 18. Bb2 Nb5 19. Bxg7 Kxg7 20. Rbc1
Rad8 21. Rxd8 Rxd8 22. Kf2 Re8 23. Bf3 Rd8 24. a4 Nd4 25. Rd1 Bxc4 26. bxc4 Ne6
27. Rxd8 Nxd8 28. Ke3 b6 29. e5 Ne6 30. Bd5 Nc5 31. Bc6 h5 32. g3 a5 33. h4 Kf8
34. Bb5 Ke7 35. Kd4 Ke6 36. Be8 Ke7 37. Bb5 f6 38. exf6+ Kxf6 39. Kd5 Ke7 40.
Kc6 Ne4 41. Kxb6 Kd6 42. Kxa5 Kc7 43. Be8 Nxg3 44. Bxg6 1-0

[Event "Lichtenberger Sommer 2016"]
[Site "?"]
[Date "2016.08.21"]
[Round "9.91"]
[White "Stark, Steven"]
[Black "Petersen, Sophie"]
[Result "1-0"]
[WhiteElo "1475"]
[BlackElo "1014"]
[PlyCount "83"]
[EventDate "2016.??.??"]
[WhiteTeam "BSC Rehberge"]
[BlackTeam "SV Rüdersdorf"]

1. c4 c6 2. b3 d5 3. Qc2 Nf6 4. Bb2 Qc7 5. h3 h6 6. g4 Nbd7 7. Nf3 e5 8. Bg2 e4
9. Nh4 Bd6 10. Nf5 O-O 11. cxd5 Nxd5 12. Bxg7 Re8 13. Nxd6 Qxd6 14. Bb2 Kf8 15.
Na3 b5 16. O-O-O Bb7 17. Kb1 Rac8 18. Ka1 N7f6 19. e3 Nb4 20. Qc3 Nbd5 21. Qc1
a6 22. Nc2 c5 23. Rdf1 c4 24. b4 c3 25. dxc3 Nxc3 26. Bxc3 Rxc3 27. Qb2 Rec8
28. Rd1 Qe7 29. Nd4 R8c4 30. Rc1 Rxc1+ 31. Rxc1 Rxc1+ 32. Qxc1 Qxb4 33. a3 Qa5
34. Qc5+ Kg7 35. Nf5+ Kh7 36. Qb4 Qd8 37. Nd6 Qc7 38. Kb2 Bc6 39. Qc5 Qd7 40.
Qf5+ Qxf5 41. Nxf5 Kg6 42. Ne7+ 1-0

[Event "Lichtenberger Sommer 2016"]
[Site "?"]
[Date "2016.08.21"]
[Round "9.92"]
[White "Chung, Nicholas"]
[Black "Lippianowski, Stefan"]
[Result "1-0"]
[WhiteElo "1402"]
[BlackElo "1150"]
[PlyCount "63"]
[EventDate "2016.??.??"]
[WhiteTeam "TuS Makkabi Berlin"]
[BlackTeam "SV Mattnetz Berlin"]

1. e4 e5 2. Nf3 Nc6 3. Bc4 Nf6 4. Nc3 Nh5 5. d3 Nf4 6. Bxf4 exf4 7. Nd5 d6 8.
Nxf4 Qf6 9. Nd5 Qd8 10. h3 Be6 11. c3 Bxd5 12. Bxd5 Be7 13. Qb3 O-O 14. Qxb7
Ne5 15. Qxa8 Qxa8 16. Bxa8 Nxd3+ 17. Ke2 Nf4+ 18. Kd2 Rxa8 19. g3 Ne6 20. Kc2
Nc5 21. Rhe1 f6 22. Nd4 Kf7 23. Nc6 Nd7 24. f4 a5 25. Rad1 Ra6 26. Nxe7 Kxe7
27. Rd5 Nb6 28. Rh5 h6 29. e5 dxe5 30. fxe5 Nc4 31. exf6+ Kxf6 32. Rc5 1-0

[Event "Lichtenberger Sommer 2016"]
[Site "?"]
[Date "2016.08.21"]
[Round "9.93"]
[White "Gräbnitz, Marc-Florian"]
[Black "Goroll, Hans-Juergen"]
[Result "1-0"]
[WhiteElo "1320"]
[BlackElo "1647"]
[PlyCount "62"]
[EventDate "2016.??.??"]
[WhiteTeam "SC Eintracht Berlin"]
[BlackTeam "Umweltbundesamt (FV Schach)"]

1. d4 d5 2. e3 Nf6 3. c4 e6 4. Nc3 Bb4 5. Bd2 O-O 6. Nf3 c5 7. Bd3 dxc4 8. Bxc4
cxd4 9. Nxd4 a6 10. Ne4 Bxd2+ 11. Nxd2 b5 12. Bb3 Bb7 13. O-O Nc6 14. N2f3 Na5
15. Bc2 Rc8 16. Rc1 Nc6 17. Nxc6 Bxc6 18. Qxd8 Rfxd8 19. Nd4 Bd5 20. b3 g6 21.
Bd3 Be4 22. Bxe4 Nxe4 23. Nc6 Kf8 24. Nxd8 Rxd8 25. Rfd1 Rxd1+ 26. Rxd1 Ke7 27.
Rd4 f5 28. a4 Nd6 29. Kf1 e5 30. Rd5 Ke6 31. Rc5 bxa4 1-0

[Event "Lichtenberger Sommer 2016"]
[Site "?"]
[Date "2016.08.21"]
[Round "9.94"]
[White "Spreer, Lutz"]
[Black "Geist, Wolfgang"]
[Result "1-0"]
[WhiteElo "1651"]
[BlackElo "1447"]
[PlyCount "105"]
[EventDate "2016.??.??"]
[WhiteTeam "Burgstädter TSV"]
[BlackTeam "SC Weisse Dame (Berlin)"]

1. e4 d5 2. Nf3 dxe4 3. Ng5 h6 4. Nxe4 Nf6 5. Nbc3 e6 6. d4 Bb4 7. Bd3 Nxe4 8.
Bxe4 O-O 9. O-O c6 10. Be3 Nd7 11. f4 Nf6 12. Bd3 Bxc3 13. bxc3 Nd5 14. Bd2 f5
15. Rb1 Nf6 16. Re1 Re8 17. Re3 Qd7 18. Qe1 b6 19. Re5 Ng4 20. Re2 Nf6 21. a4
Rb8 22. a5 Qd6 23. Bxf5 Bd7 24. Bg6 Re7 25. f5 Be8 26. Bxe8 Rbxe8 27. axb6 axb6
28. Qg3 Qxg3 29. hxg3 exf5 30. Rxe7 Rxe7 31. Kf1 Ne4 32. Be1 b5 33. c4 bxc4 34.
c3 Nd6 35. Rb6 Rc7 36. d5 Nc8 37. Rxc6 Rxc6 38. dxc6 Kf7 39. Ke2 Ke7 40. g4 Kd6
41. gxf5 Kxc6 42. Ke3 Kd5 43. Kf4 Ne7 44. Bd2 Ng8 45. g4 Nf6 46. Be3 Kc6 47.
Bd4 Kd5 48. g5 hxg5+ 49. Kxg5 Ne8 50. Kg6 Ke4 51. Bc5 Ke5 52. Kf7 Nf6 53. Bd4+
1-0

[Event "Lichtenberger Sommer 2016"]
[Site "?"]
[Date "2016.08.21"]
[Round "9.95"]
[White "Fontaine, Constantin"]
[Black "Gutewort, Paul Emil"]
[Result "1/2-1/2"]
[WhiteElo "1527"]
[BlackElo "1578"]
[PlyCount "86"]
[EventDate "2016.??.??"]
[WhiteTeam "SK Tempelhof 1931"]
[BlackTeam "SF Nordost Berlin"]

1. d4 d5 2. Nc3 Nf6 3. Bg5 Nbd7 4. Nf3 h6 5. Bh4 e6 6. e3 a6 7. Bd3 c5 8. dxc5
Bxc5 9. O-O O-O 10. e4 dxe4 11. Nxe4 b5 12. Bxf6 gxf6 13. Qd2 Kg7 14. Ng3 f5
15. Qc3+ f6 16. Rfe1 Qb6 17. Re2 Rf7 18. b4 Bd6 19. Nd4 Nf8 20. Rae1 Be5 21.
Ngxf5+ exf5 22. Nxf5+ Bxf5 23. Rxe5 fxe5 24. Qxe5+ Kg6 25. Bxf5+ Rxf5 26. Qg3+
Kf7 27. Qb3+ Ne6 28. Re3 Rd8 29. g4 Rd1+ 30. Kg2 Qc6+ 31. Kg3 Rg1+ 32. Kh4
Rxg4+ 33. Kxg4 Qg2+ 34. Kxf5 Qg5+ 35. Ke4 Qf4+ 36. Kd3 Qd4+ 37. Ke2 Qg4+ 38.
Kd2 Qd4+ 39. Kc1 Qa1+ 40. Qb1 Qf6 41. Rxe6 Kxe6 42. Qb3+ Kd7 43. Qd5+ Ke8
1/2-1/2

[Event "Lichtenberger Sommer 2016"]
[Site "?"]
[Date "2016.08.21"]
[Round "9.96"]
[White "Wahner, Eberhard"]
[Black "Klühs, Isabel"]
[Result "1-0"]
[WhiteElo "1511"]
[BlackElo "1095"]
[PlyCount "157"]
[EventDate "2016.??.??"]
[WhiteTeam "SC Eintracht Berlin"]
[BlackTeam "Borussia Friedrichsfelde"]

1. c4 Nf6 2. Nc3 e6 3. g3 d5 4. cxd5 exd5 5. d4 c6 6. Bg2 Bd6 7. Nf3 O-O 8. O-O
Be6 9. Re1 Nbd7 10. e4 dxe4 11. Nxe4 Nxe4 12. Rxe4 Bd5 13. Re1 Bxf3 14. Bxf3
Nf6 15. a3 Qc7 16. Bg5 Be7 17. Rc1 Qd7 18. Bg2 h6 19. Bf4 Bd6 20. Be5 Bxe5 21.
dxe5 Qxd1 22. Rcxd1 Ne8 23. Rd7 Rb8 24. f4 f5 25. Bf1 a5 26. Bc4+ Kh7 27. Bd3
b5 28. e6 Nf6 29. Bxf5+ Kh8 30. Ra7 a4 31. Bg6 Rfc8 32. Rf7 c5 33. e7 Re8 34.
Kg2 b4 35. Rxf6 gxf6 36. Bxe8 Rxe8 37. Kf3 Kg7 38. Rc1 bxa3 39. bxa3 Rxe7 40.
Rxc5 Rd7 41. Rc3 Kg6 42. h3 h5 43. g4 hxg4+ 44. hxg4 f5 45. Rc6+ Kf7 46. Rc3
fxg4+ 47. Kxg4 Rd4 48. Kf5 Rd5+ 49. Ke4 Rd7 50. Ke5 Re7+ 51. Kf5 Rd7 52. Re3
Rd5+ 53. Kg4 Kf6 54. Rc3 Rd6 55. Rc4 Ra6 56. Kf3 Kf5 57. Rc5+ Kf6 58. Ke4 Re6+
59. Kd4 Rd6+ 60. Rd5 Re6 61. Ra5 Rd6+ 62. Kc4 Rc6+ 63. Kb5 Rc3 64. Rxa4 Rb3+
65. Kc4 Rf3 66. Kd5 Kf5 67. Kc5 Rc3+ 68. Kb6 Rb3+ 69. Ka7 Rd3 70. Kb6 Rb3+ 71.
Kc5 Rc3+ 72. Kd6 Rd3+ 73. Ke7 Re3+ 74. Kf7 Rd3 75. Ke7 Re3+ 76. Kd6 Rd3+ 77.
Kc5 Rc3+ 78. Kb4 Rf3 79. Kc5 1-0

[Event "Lichtenberger Sommer 2016"]
[Site "?"]
[Date "2016.08.21"]
[Round "9.98"]
[White "Gläsmann, Christian"]
[Black "Hoffmann, Kay"]
[Result "1-0"]
[WhiteElo "1518"]
[BlackElo "984"]
[PlyCount "27"]
[EventDate "2016.??.??"]
[WhiteTeam "SC Erkrath"]
[BlackTeam "SC Eintracht Berlin"]

1. e4 d5 2. exd5 Qxd5 3. Nc3 Qa5 4. Nf3 c6 5. d4 Nf6 6. Bd2 Qc7 7. Bc4 Bf5 8.
Ne5 e6 9. Bd3 c5 10. Nb5 Qd8 11. Bf4 Na6 12. Bxf5 exf5 13. Qe2 Nd5 14. Nc6+ 1-0

[Event "Lichtenberger Sommer 2016"]
[Site "?"]
[Date "2016.08.21"]
[Round "9.99"]
[White "Motsch, Sebastian"]
[Black "Eichstädt, Torsten"]
[Result "1/2-1/2"]
[WhiteElo "1036"]
[BlackElo "1346"]
[PlyCount "65"]
[EventDate "2016.??.??"]
[WhiteTeam "Ludwigsfelder SC"]
[BlackTeam "SC Friesen Lichtenberg"]

1. e4 c6 2. d4 d5 3. e5 c5 4. c3 Nc6 5. Nf3 Bg4 6. Be2 e6 7. Bg5 Qb6 8. b3 Bxf3
9. Bxf3 cxd4 10. cxd4 Nxd4 11. Be3 Qa5+ 12. Nd2 Nxf3+ 13. Qxf3 Bb4 14. Qe2 Ne7
15. O-O O-O 16. Nf3 Rad8 17. Nd4 Bc3 18. Rad1 h6 19. f4 f6 20. Nxe6 Ng6 21.
Nxf8 Rxf8 22. Qg4 Kh7 23. Qd7 d4 24. exf6 Rxf6 25. Bxd4 Bxd4+ 26. Rxd4 Rxf4 27.
Rdxf4 Nxf4 28. Rxf4 Qe1+ 29. Rf1 Qe3+ 30. Rf2 Qe1+ 31. Rf1 Qe3+ 32. Rf2 Qe1+
33. Rf1 1/2-1/2

[Event "Lichtenberger Sommer 2016"]
[Site "?"]
[Date "2016.08.21"]
[Round "9.100"]
[White "Caglar, Bertan"]
[Black "Lieger, Lucas"]
[Result "1/2-1/2"]
[WhiteElo "1152"]
[BlackElo "1239"]
[PlyCount "45"]
[EventDate "2016.??.??"]
[WhiteTeam "SW Lichtenrade"]
[BlackTeam "SC Eintracht Berlin"]

1. Nf3 Nc6 2. g3 e5 3. d3 d6 4. Bg2 Nge7 5. Nbd2 g6 6. O-O Bg7 7. e4 O-O 8. a3
h6 9. h4 Be6 10. Re1 Qd7 11. Kh2 f5 12. exf5 Bxf5 13. Nf1 Kh7 14. Ne3 Be6 15.
c3 Rab8 16. d4 d5 17. dxe5 Nxe5 18. Nxe5 Bxe5 19. Kg1 Bg7 20. Rb1 c6 21. c4 d4
22. Nc2 Bf5 23. Be4 1/2-1/2